[Event "RUS-ch U20"]
[Site "Cheboksary"]
[Date "2006.03.11"]
[Round "10"]
[White "Vitiugov, Nikita"]
[Black "Nepomniachtchi, Ian"]
[Result "1-0"]
[WhiteElo "2573"]
[BlackElo "2506"]
[Annotator "Stohl,I"]
[PlyCount "85"]
[EventDate "2006.03.02"]
[EventType "tourn"]
[EventRounds "11"]
[EventCountry "RUS"]
[EventCategory "11"]
[SourceTitle "CBM 112"]
[Source "ChessBase"]
[SourceDate "2006.06.07"]
[SourceVersion "1"]
[SourceVersionDate "2006.06.07"]
[SourceQuality "1"]

1. d4 Nf6 2. c4 c5 3. d5 b5 4. cxb5 a6 5. e3 axb5 6. Bxb5 Qa5+ 7. Nc3 Bb7 8.
Bd2 Qb6 9. Bc4 (9. Qb3 {occurs only rarely nowadays, Black is doing fine in
the older line} e6 10. e4 Nxe4 11. Nxe4 Bxd5 12. Qd3 Qb7 13. f3 c4 14. Bxc4
Bxc4 15. Qxc4 d5 16. Qc2 dxe4 17. Qxe4 Qxe4+ 18. fxe4 Nd7 19. Ne2 Nc5 20. Nc3
Nd3+ 21. Ke2 Nxb2 22. Nb5 Ra4 23. Nc3 Ra8 24. Nb5 Ra4 25. Nc3 Ra8 26. Nb5 {
1/2,Karpov,A-Miles,A/Tilburg/1986/}) (9. Qf3 e6 10. e4 exd5 11. exd5 Nxd5 12.
Nxd5 Qe6+ 13. Ne2 Bxd5 14. Qg3 Bd6 $5 15. Qxg7 Be5 16. Qg5 h6 17. Qe3 Bxb2 18.
Rb1 Qxe3 (18... Bd4 $2 19. Qg3 Kf8 20. O-O Be5 21. Nf4 Qd6 22. Rfe1 Rg8 23.
Rxe5 $1 Rxg3 24. Rxd5 $18 {Graf,A-Felgaer,R/Calvia olm/2004/}) 19. Bxe3 Rxa2
$13) 9... e6 10. e4 (10. Qb3 Qxb3 11. Bxb3 Na6 $1 12. Nf3 (12. Nge2 Nb4 $36)
12... exd5 13. O-O Be7 $11 {/~~ is comfortable for Black, as White can't put
his [+] under direct pressure and force the compromising c4 advance.}) 10...
Nxe4 11. dxe6 {White doesn't insist on maintaining his [+] outpost, which
isn't so simple to achieve advantageously:} (11. Nf3 Nf6 (11... Nxd2 12. Qxd2
Be7 13. O-O O-O 14. Rfe1 Na6 $5 (14... Bf6 15. Rad1 Na6 16. Ne5 Rad8 17. Qc1 d6
18. Ng4 Bxc3 19. bxc3 exd5 $2 (19... Bxd5 $11) 20. Bd3 Bc8 21. Nf6+ gxf6 22.
Qh6 f5 23. Qg5+ Kh8 24. Qf6+ Kg8 25. Re3 {1-0,Annakov,B-Ivanov,V/Moscow/1994/})
15. Rad1 Rad8 16. Qe2 Bf6 17. Ne5 Bxe5 18. Qxe5 d6 19. Qh5 e5 20. Ne4 f6 21.
Qh4 h6 22. Nc3 f5 23. f4 e4 $13 {/=/+,Annakov,B-Kalegin,E/Moscow/1995/}) 12.
O-O Be7 (12... exd5 13. Re1+ Be7 14. Bb3 c4 $13) 13. Re1 O-O 14. Bb3 Na6 15.
Ne5 Qd8 (15... exd5 16. Nxd7 Nxd7 17. Rxe7 Nf6 18. Bg5 d4 19. Rxb7 Qxb7 20.
Bxf6 gxf6 21. Qg4+ Kh8 22. Qf5 Nb4 $1 $11 {Christiansen,L-Sarfati,J/Wellington/
1988/}) 16. dxe6 fxe6 17. Bg5 d5 18. Bxf6 Bxf6 19. Qg4 Nc7 20. Bc2 Bxe5 21.
Rxe5 Qf6 22. Qg3 Rf7 23. Na4 Ra5 24. Rae1 Bc6 25. Nc3 Ra8 26. f3 Qf4 27. Qf2
Qd4 28. Qxd4 cxd4 29. Ne2 Rxa2 30. Nxd4 Rxb2 $11 {1/2,Lukacs,P-Fogarasi,T/
Budapest/1994/}) (11. Nxe4 $2 exd5 12. Bxd5 Bxd5 13. Qe2 Qe6 $17) (11. Nge2 Nf6
12. Nf4 Na6 13. O-O Nc7 14. Re1 Be7 $13 15. b3 $6 exd5 16. Bd3 d4 17. Na4 Qc6
18. Qe2 Ne6 19. Bb5 Qd6 20. Nxe6 fxe6 21. Qxe6 Qxe6 22. Rxe6 Kf7 $36 {[%csl
Gc5,Gd4,Gd7] [+],Nikolic,S-Vaisser,A/Forli/1989/}) 11... dxe6 (11... fxe6 $5
$13 {[%csl Gd7,Ge6] [+] is more ambitious and probably even more promising. If
White doesn't play energetically enough, Black's [+] pawns can become
dangerous indeed:} 12. Nxe4 (12. Qh5+ $2 g6 13. Qe5 Qxb2 14. Rd1 Rg8 15. Bxe6
Bd6 $1 $19) 12... Bxe4 13. Qh5+ Bg6 14. Qf3 Nc6 15. Ne2 d5 16. Bd3 Bxd3 (16...
Bf7 $5) 17. Qxd3 Ne5 18. Qg3 Nc4 19. Bc3 d4 20. Qf3 Rb8 21. b3 Na3 22. O-O dxc3
23. Nf4 Nc2 24. Qh5+ Kd7 25. Rad1+ Nd4 26. Rfe1 c2 27. Qf7+ Be7 28. Rxd4+ cxd4
29. Nxe6 Qb4 30. Kf1 Qxe1+ {0-1,Ferrari,J-Wachinger,G/Wattens/1994/}) 12. Nxe4
(12. Bb5+ $6 Nc6 $1 $36) 12... Bxe4 13. Nf3 $146 {[%mdl 8] A natural move,
White first of all wants to finish his development.} (13. f3 $143 $6 Bd5 14.
Bxd5 exd5 15. Ne2 Be7 16. O-O O-O 17. Qc2 Nc6 18. Kh1 Bf6 19. Nc3 Rfd8 20. Rab1
Nb4 $17 {Spicak,K-Ehrenfeucht,W/Krynica op/1998/}) 13... Nc6 14. Bc3 Be7 15.
O-O O-O 16. Qe2 Bxf3 $6 {[%mdl 16384] Black gains a [+] outpost for his N, but
it's not worth the strong B.} ({Definitely more logical is} 16... Bd5 $142 17.
Ne5 (17. Bd3 $6 Nd4 $36) 17... Rfd8 $11 (17... Nxe5 $6 18. Bxd5 exd5 19. Qxe5
Bf6 20. Qxd5 $14)) 17. Qxf3 Nd4 18. Qd1 Rfd8 19. a4 $36 {[%csl Ga4,Gc3,Gc4] ^^,
o^a White's B support the a-pawn and give him a solid advantage.} Qb8 (19...
Qc6 $5 $14) 20. Qg4 Kh8 21. a5 f5 {Black lashes out, but creates only new
weaknesses in his set-up.} (21... Bf6 22. a6 $16) 22. Qh3 {[%csl Re6] ><e6} e5
{The point of the previous move, but now White wins material.} 23. Bxd4 Rxd4 (
23... exd4 24. Qxf5 $16 {/\} Qxb2 $2 25. Bd3 g6 26. Qe5+ $18) 24. Qxf5 $1 Rxc4
25. Qe6 Rc2 (25... Qb5 26. Qxe7 Re8 27. Qc7 $18 {[%csl Ga5] o^a5}) 26. Qxe7 h6
(26... c4 27. a6 $1 Rxb2 28. a7 Qb7 (28... Qb5 29. Rad1 Qe8 30. Qxe8+ Rxe8 31.
Rb1 $1 $18) 29. Qxe5 $16 {/+-}) 27. Rad1 (27. a6 Ra7 $16) 27... Qe8 (27... Qxb2
$5 {/\} 28. a6 (28. Rd8+ Rxd8 29. Qxd8+ Kh7 30. Qd3+ Kh8 31. a6 $16) (28. Rd7
Rg8 $14) 28... Qb8 29. Rb1 (29. a7 Rxa7 (29... Qxa7 30. Rd7 $18) 30. Rd8+ Kh7
31. Qf8 Qc7 32. Qg8+ Kg6 33. Qd5 Rc4 $1 {[]} (33... Kh7 34. Rd1 $18) 34. Qd3+ (
34. Rd1 Rd4 $132) 34... e4 35. Qxc4 Qxd8 36. Qxe4+ Kf7 $14) 29... Qg8 30. Qxe5
Ra2 $1 $16 {/+/=}) 28. Qb7 Qc8 29. Qb3 $5 (29. Qxc8+ Rxc8 $14) 29... Qf5 30.
Ra1 Ra6 (30... c4 31. Qb5 (31. Qb6 Qf6 $5 $16) 31... Rf8 32. a6 Rxf2 33. Qxc4
$18) 31. Rae1 Rf6 (31... Rxa5 32. Rxe5 Qxe5 33. Qxc2 $16) 32. Qe3 Ra6 (32...
Rxb2 $142 33. Qxc5 e4 $5 $16 {/\} 34. Qxf5 Rxf5 35. Ra1 Rb7) 33. Qb3 Rf6 34.
Qe3 Ra6 35. Ra1 $16 {[%csl Ga5,Rh8] /+- White has consolidated his extra P. In
the final phase of the game his safer K will play a major role, as Black can't
defend both on the >> and against the o^a5.} e4 36. b3 Qe5 37. Ra4 Rc3 38. Qe2
$18 Qd6 (38... Re6 39. a6 $18) 39. Rxe4 Qd3 40. Qg4 $1 $40 {The a-pawn drops,
but the -> decides.} Rxa5 41. Re7 Qd4 42. Qc8+ Kh7 43. Qf5+ (43. Qf5+ Kg8 44.
Re8#) 1-0

[Event "FIDE-Wch k.o."]
[Site "Tripoli"]
[Date "2004.06.20"]
[Round "1.2"]
[White "Lputian, Smbat G"]
[Black "Gagunashvili, Merab"]
[Result "1-0"]
[WhiteElo "2634"]
[BlackElo "2562"]
[Annotator "Stohl,I"]
[PlyCount "55"]
[EventDate "2004.06.19"]
[EventType "k.o."]
[EventRounds "7"]
[EventCountry "LBY"]
[SourceTitle "CBM 102"]
[Source "ChessBase"]
[SourceDate "2004.09.23"]
[SourceVersion "1"]
[SourceVersionDate "2004.09.23"]
[SourceQuality "1"]

1. d4 Nf6 2. Nf3 g6 3. c4 c5 4. d5 b5 5. Nbd2 bxc4 6. e4 d6 {By transposition
we have reached a position from the 4.Nd2 lines, here Black's best bet is to
strive for symmetrical P-structure with} (6... c3 $5 7. bxc3 Bg7 $132 (7... d6
8. c4 $5 Bg7 9. Rb1 (9. Rb1 O-O 10. Bd3 e5 11. O-O Nbd7 12. Re1 Nh5 13. Bc2 Nb6
14. Re3 Bd7 15. a4 a5 16. Reb3 Ra6 17. Ra3 Bh6 18. Bb2 {Grachev,B-Tregubov,P/
Aeroflot Moscow/2004/} Ng7 $13))) 7. Bxc4 Bg7 8. O-O O-O 9. Rb1 {Here Black's
task is easier, than in the similar positions, arising after 4.Nd2, as White
must invest a tempo to develop his Bc1 to the long diagonal.} (9. Qe2 Nbd7 10.
h3 Rb8 11. a4 Ne8 12. a5 Nc7 13. Nb1 Ne5 14. Nxe5 Bxe5 15. Nc3 Rb4 16. Rd1 Bd7
17. Bh6 Re8 18. Rac1 Qb8 19. b3 Nb5 20. Na2 Nd4 21. Rxd4 Bxd4 22. Nxb4 Qxb4 23.
Bd2 Qb7 24. Qd3 Bf6 $11 {Knaak,R-Bielczyk,J/Polanica Zdroj/1979/}) 9... a5 $6
$146 {[%mdl 16384] Strategically dubious, as it clarifies the situation on the
<< in White's favour.} (9... Bg4 10. Re1 Nbd7 11. h3 Bxf3 12. Nxf3 Rb8 13. b3
Nh5 14. g4 Nhf6 15. Bf4 h5 16. e5 dxe5 17. Nxe5 Nxe5 18. Bxe5 Rb6 19. f3 $14 {
1/2,Sosonko,G-Bosboom,M/Brussels/1993/} (19. Qe2 $5 $36)) (9... Nbd7 10. b3 (
10. Re1 Nb6 (10... Ng4 $5) 11. b3 Nxc4 (11... Rb8 12. Bb2 Bg4 13. h3 Bxf3 14.
Qxf3 $14 {1/2,Keene,R-Pytel,K/Manchester/1981/}) 12. Nxc4 Ba6 13. Nfd2 (13. Bb2
$142 $13) 13... e6 $5 14. dxe6 fxe6 15. e5 dxe5 16. Nxe5 Nd5 17. Bb2 Nf4 $36 {
Santos,M-Dumont,S/Sao Paulo/2004/}) 10... Ng4 $5 (10... Nb6 11. Bb2 $14) 11.
Bb2 Bxb2 12. Rxb2 Rb8 13. h3 Nge5 14. Nxe5 Nxe5 15. f4 Nxc4 16. Nxc4 Ba6 17.
Rc2 e6 (17... Rb4 $142 $5 $132) 18. dxe6 fxe6 19. Rd2 Qh4 20. Rxd6 Bxc4 21.
bxc4 Rxf4 22. Rxe6 $36 {Poluljahov,A-Tseshkovsky,V/Krasnodar/1998/}) (9... Ba6
10. b3 Qa5 11. a3 Bxc4 12. Nxc4 Qa6 13. Re1 Nbd7 14. Bg5 Nb6 15. Nfd2 Rfe8 16.
Qc2 Nfd7 17. a4 Nxc4 18. Nxc4 Rab8 19. Bd2 Ne5 20. f4 Nxc4 21. Qxc4 Bd4+ 22.
Kf1 Qc8 $1 $11 {Barbero,G-Sarfati,J/Thessaloniki olm/1988/}) 10. a4 $1 $36 {
[%csl Ra5][%mdl 4] ><a5 Now after Black takes on c4, White will control the
<->b and moreover the Pa5 will be weak. Gagunashvili tries to get the typical
Volga <=>, but Lputian instructively combines his own [+] and << play with
effective prophylaxis.} Nbd7 11. b3 Nb6 12. Re1 (12. h3 Nxc4 13. bxc4 e5 $5 $11
) 12... Rb8 (12... Bg4 13. h3 (13. Bb5 e6 $5 $13) 13... Bxf3 14. Nxf3 $14 {
[%cal Yc1d2,Yd2c3,Yd1c2] /\Bd2-c3,Qc2 is pleasant for White, now} Nxc4 $6 15.
bxc4 Rb8 16. Bd2 $16 {transposes into the game.}) 13. h3 $1 Nxc4 $6 (13... e6
$142 $5 14. dxe6 fxe6 15. e5 $14 dxe5 16. Nxe5 {[%csl Ra5,Rc5,Re6]}) 14. Nxc4
Ba6 15. Bd2 $1 {[%cal Rd2a5]} Bxc4 (15... Qd7 16. Qc2 $1 $16 {[%csl Ra5] ><a5}
(16. Nxa5 $6 Bd3 17. Nc6 Bxe4 18. Nxb8 Rxb8 $44)) 16. bxc4 $16 {[%csl Gb4,Rb5]
The main difference on the <->b is White controls the entry point on b4 and
can himself penetrate via b5.} Rb4 $5 {A desperate bid for <=>.} (16... Rxb1
17. Qxb1 Qc7 18. Qb5 $16) (16... Qc7 17. Rb5 $1 $16) 17. Bxb4 axb4 (17... cxb4
18. Nd4 $5 (18. e5 Nd7 $5 19. e6 Nc5 $16) 18... Nd7 19. Nc6 Qc7 20. Nxe7+ Kh8
21. Nc6 $16 {/+-}) 18. e5 {|^[+]} Ne8 (18... dxe5 19. Nxe5 {[%cal Re5c6] /
\Nc6+-}) (18... Nd7 $5 19. e6 Ne5 $16) 19. h4 $1 {Now Black's N is passive and
White can gradually improve his position.} Qc7 (19... h5 20. Qc2 {[%cal Yb1e1,
Ye1e3] /\Re3,Rbe1->}) (19... Qa5 20. h5 $40) 20. Qe2 Qa5 21. Qc2 h6 (21... Nc7
22. h5 Ra8 23. exd6 (23. hxg6 hxg6 24. e6 $5 $40) 23... exd6 24. Re7 $18) 22.
g3 Nc7 23. Kg2 $1 Na8 $6 (23... Ra8 24. h5 $5 (24. e6 f5 25. h5 Qxa4 26. Qd3 $5
$40 (26. Qxa4 Rxa4 27. hxg6 Bf6 28. Nh4 Kg7 29. Nxf5+ Kxg6 $16)) 24... Qxa4 25.
Qxa4 Rxa4 26. exd6 exd6 27. Re7 $18) 24. h5 {With all his pieces aiming at the
>> White quickly winds up his ->.} g5 (24... gxh5 25. Nh4 $1 Bxe5 26. Nf5 $18)
25. Qf5 $1 Qxa4 (25... Nb6 26. Nxg5 hxg5 27. h6 $18) 26. Nxg5 $1 hxg5 27. h6
Bxh6 (27... Bh8 28. h7+ Kg7 29. Qxg5+ Kxh7 30. Rh1#) 28. Rh1 (28. Rh1 e6 (28...
Kg7 29. Rxh6 Kxh6 30. Rh1+ $18) 29. dxe6 (29. Qd3 $18) 29... Qc6+ 30. Kg1 $18)
1-0

[Event "EU-ch 1st"]
[Site "Saint Vincent"]
[Date "2000.07.10"]
[Round "7"]
[White "Tregubov, Pavel V"]
[Black "Hertneck, Gerald"]
[Result "1-0"]
[WhiteElo "2620"]
[BlackElo "2541"]
[Annotator "Stohl,I"]
[PlyCount "89"]
[EventDate "2000.07.03"]
[EventType "swiss"]
[EventRounds "11"]
[EventCountry "ITA"]
[SourceTitle "CBM 078"]
[Source "ChessBase"]
[SourceDate "2000.10.18"]
[SourceVersion "1"]
[SourceVersionDate "2000.10.18"]
[SourceQuality "1"]

1. d4 Nf6 2. c4 c5 3. d5 b5 4. Nf3 bxc4 {Dubious, as it allows White to
develop freely.} (4... Bb7 $142) (4... g6 $142) 5. Nc3 Qa5 $6 {A very risky
idea, White reacts with an enterprising pawn sacrifice.} (5... g6 6. e4 d6 7.
Bxc4 Bg7 8. O-O O-O 9. Re1 (9. e5 $5 $14) 9... Bg4 10. h3 Bxf3 11. Qxf3 Nbd7
12. Qe2 Rb8 13. Rb1 Nb6 14. Bb5 e6 15. dxe6 fxe6 16. e5 Nfd5 17. exd6 Qxd6 18.
Ne4 Qe7 19. Bg5 Qc7 20. Nd2 $16 {[%csl Ra7,Rc5,Re6] ק,Maksimenko,A-Danner,G/
Graz op/1998/}) 6. Nd2 $1 (6. Bd2 d6 7. e4 Nbd7 8. Bxc4 g6 9. O-O Qb6 10. Re1
Bg7 11. h3 O-O 12. Qe2 Ne8 13. Bf4 Nc7 14. e5 Ne8 15. Bb5 dxe5 16. Nxe5 Bxe5
17. Bxe5 Nxe5 18. Qxe5 Nd6 19. Bc6 Bb7 20. Qxe7 Rad8 21. Bxb7 Qxb2 22. Na4 Qxb7
23. Nxc5 $16 {1/2,Estremera Panos,S-Bellon Lopez,J/Linares op/1998/}) 6... Ba6
7. e4 d6 8. Nxc4 $5 {[%mdl 512]} Bxc4 9. Bxc4 Nxe4 {Consistent, otherwise
Black suffers for nothing.} (9... Nfd7 10. O-O g6 11. Bd2 Bg7 12. Re1 O-O 13.
Rb1 a6 14. Qc1 Rc8 15. Nd1 Qc7 16. Bc3 Ne5 17. Bf1 Nbd7 18. f4 Ng4 19. Bxg7
Kxg7 20. Qc3+ Kg8 21. Be2 Ngf6 22. Bf3 c4 23. e5 Ne8 24. Nf2 $40 {[+],Davies,
N-Sievers,S/Hamburg Wichern op/1995/}) 10. Qg4 $1 f5 $2 {[%mdl 8192] After
this Black's position is beyond saving.} (10... Nxc3 11. Bd2 $1 $40 (11. Qc8+
Qd8 12. Qb7 Nd7 13. bxc3 Qc8 $15)) (10... Nf6 $142 11. Qc8+ (11. Bb5+ Nbd7 12.
Qh3 $44) (11. Qe2 $5) 11... Qd8 12. Qb7 Nbd7 13. Nb5 Rc8 14. O-O $32) 11. Qxf5
Nxc3 12. Bd2 g6 13. Qe6 Bg7 14. O-O $40 {The opening has been a tragedy for
Black, his K is in mortal danger.} Nd7 15. Rae1 O-O-O $8 (15... Ne5 16. Bxc3
$18) (15... Qd8 16. Bxc3 Bxc3 17. bxc3 Ne5 18. Bb5+ Kf8 19. f4 $18) 16. Qxe7 $1
Be5 (16... Qa4 17. b3 $1 Qa3 (17... Qxa2 18. Qxd6 Nb8 (18... Qxd2 $2 19. Ba6#)
(18... Nb6 $2 19. Qc6+ Kb8 20. Bf4+ $18) 19. Qxc5+ Kb7 20. Re7+ Ka8 21. Bxc3
Bxc3 22. d6 $18) 18. Qxg7 $18) 17. Bxc3 Qc7 (17... Bxc3 18. Qxd6 $1 Nb6 19.
Qc6+ Kb8 20. Re7 $18) 18. Bxe5 (18. f4 $5 Bxc3 (18... Rde8 19. Qf7 $5 {/\} Ref8
20. fxe5 $1 Rxf7 21. Rxf7 $18) 19. bxc3 Nb6 20. Bb5 Qxe7 21. Rxe7 Nxd5 22. Ba6+
Kb8 23. Rb1+ Nb6 24. a4 $18) 18... Nxe5 19. Ba6+ Kb8 20. Qxc7+ Kxc7 21. f4 Nd7
22. Re7 Rde8 (22... Kb6 23. Bc4 $18) 23. Rfe1 Rxe7 24. Rxe7 Kd8 25. Rg7 $18 {
White's pieces are more active and he is a pawn up-the game is decided and
even Black's desperate attempts to gain counterplay won't change the result.}
Nb6 (25... Re8 26. Rxd7+ Kxd7 27. Bb5+ $18) 26. Rxa7 Re8 27. Rxh7 Re1+ (27...
Nxd5 28. Bb5 Re1+ 29. Kf2 Rb1 30. Rd7+ $18) 28. Kf2 Ra1 29. Rb7 Nxd5 30. Kf3
Nb4 31. Bc4 Rc1 (31... d5 32. a3 $1 dxc4 33. axb4 $18) 32. Be6 Rf1+ 33. Kg4 (
33. Kg3 Re1 34. Rd7+ Ke8 35. Bg4 $18) 33... Rf2 34. g3 Rxh2 (34... Rxb2 35. h4
Re2 36. Bf7 $18) 35. Rd7+ Ke8 36. Rxd6 Rxb2 (36... Ke7 37. Rb6 Rxb2 38. Bg8 $18
{[%csl Rg6] ><g6}) 37. Bc4 Rc2 38. Bb5+ Ke7 (38... Kf7 39. a3 Na2 40. Bd3 $18)
39. Rxg6 Rxa2 40. f5 Nd5 41. Re6+ Kf7 42. Kg5 Rc2 (42... Nc7 43. Bc4 $1 Rc2 44.
Rc6+ $18) 43. Rd6 Ne3 44. Rd7+ Kf8 (44... Kg8 45. Kg6) 45. Kg6 (45. Kg6 Nc4 (
45... Rg2 46. Rd8+ Ke7 47. Re8+) (45... Ng4 46. Rf7+ Kg8 47. Re7 $18) 46. Kf6
Kg8 47. Rd8+ Kh7 48. Be8 {/\Bg6,Rh8#}) 1-0

[Event "Corus"]
[Site "Wijk aan Zee"]
[Date "2004.01.17"]
[Round "6"]
[White "Sokolov, Ivan"]
[Black "Van Wely, Loek"]
[Result "1/2-1/2"]
[WhiteElo "2706"]
[BlackElo "2617"]
[Annotator "Stohl,I"]
[PlyCount "91"]
[EventDate "2004.01.10"]
[EventType "tourn"]
[EventRounds "13"]
[EventCountry "NED"]
[EventCategory "19"]
[SourceTitle "CBM 099"]
[Source "ChessBase"]
[SourceDate "2004.03.30"]
[SourceVersion "1"]
[SourceVersionDate "2004.03.30"]
[SourceQuality "1"]

1. d4 Nf6 2. c4 c5 3. d5 b5 4. Nf3 b4 {Black gains space on the << and
deprives the Nb1 of it's most natural square. He also avoids the unclear, but
potentially dangerous line} (4... g6 5. cxb5 a6 6. Qc2 $5) 5. a3 {Sokolov
plays the most testing move, which has already occurred earlier in his
practice-White undermines Black's << outpost.} (5. g3 g6 6. Bg2 Bg7 7. a3 O-O
8. O-O a5 9. axb4 cxb4 10. Nd4 Bb7 11. h3 (11. e4 $142 $5 d6 $13) 11... Qc8 12.
b3 d6 13. Be3 Nbd7 14. Nd2 Nc5 15. Ra2 Ra6 16. Qc2 e6 17. dxe6 (17. Nc6 $1 $132
) 17... fxe6 18. Rfa1 Bxg2 19. Kxg2 Nfd7 20. f3 Qa8 21. g4 Rc8 22. h4 d5 $36 {
Hillarp Persson,T-Ramirez Alvarez,A/Moscow Aeroflot/2003/}) 5... g6 $5 {
Continuing his development is arguably Black's best option.} (5... Na6 $143 6.
axb4 Nxb4 7. Nc3 d6 8. e4 g6 9. Be2 Bg7 10. O-O O-O 11. Bf4 Bg4 12. h3 Bxf3 13.
Bxf3 Nd7 14. Qd2 Re8 15. Ra3 Qb6 16. Bg4 Ne5 17. Be2 Reb8 18. h4 Rb7 19. h5 $14
{|^>>,Sokolov,I-Georgiev,Kir/Sarajevo/1998/ leads to a typical King's Indian
type position, which is advantageous for White.}) 6. axb4 cxb4 7. e4 $5 {
Sokolov likes to play actively and spurns the more sedate} (7. Be3 a5 8. g3 Bg7
9. Bg2 O-O 10. O-O Bb7 $5 (10... d6 11. Nbd2 Bd7 12. h3 a4 13. Nd4 Qc8 $6 (
13... Qc7 $142 {[%cal Yf8c8,Yd7e8,Yf6d7] /\Rc8,Be8,Nfd7<=>,Rogozenko}) 14. Kh2
Qa6 15. f4 Rc8 16. Bg1 Be8 17. e4 Nfd7 18. Qe2 Qb7 19. N2f3 Nb6 20. Rfc1 Na6
21. e5 Nc5 22. h4 $16 {()[+],Razuvaev,Y-Loncar,R/Maribor/1996/}) 11. Nbd2 d6
12. Bd4 Nbd7 {The position is similar to the abovementioned game Hillarp
Persson-Alvarez, also in this game Black successfully counters White's central
ambitions with a timely advance of his own Pe7.} 13. Re1 Qc7 14. e4 Nc5 (14...
e5 $5 $132) 15. Qc2 (15. e5 Nfd7 $13) 15... e5 $1 16. Bxc5 dxc5 17. Rf1 Bc8 18.
Ne1 Bd7 19. b3 Ng4 (19... Ne8 $5 $11 {/=/+}) 20. h3 Nh6 21. Nd3 $11 {1/2,
Sokolov,I-Wilder,M/Preston/1989/}) 7... Nxe4 {Taking a [+]P (if it's not
completely poisoned, of course!) is always the most principled move, here it's
more or less obligatory as well.} (7... d6 $2 8. Qa4+ Nbd7 9. e5 $1 dxe5 10.
Nxe5 Qc7 11. Bf4 Nh5 12. Nxd7 Qxd7 13. Be5 f6 14. Bd4 $36 {[%csl Gc4,Gd5] [+]}
e5 15. Be3 Ng7 16. Qxd7+ Kxd7 17. Nd2 a5 18. Nb3 a4 19. c5 Kc7 20. Bb5 {
1-0,Kallai,G-Bricard,E/FRA-chT/1996/}) 8. Qd4 Nf6 9. Rxa7 Rxa7 10. Qxa7 Na6 11.
Be3 (11. Be2 Bg7 12. O-O O-O 13. Be3 d6 14. Nbd2 Qd7 15. Ra1 (15. Qb6 $142 $1 {
could lead to the game position.}) 15... Qxa7 16. Bxa7 Nd7 17. Bd4 Ndc5 18.
Bxg7 Kxg7 19. Nd4 e5 $1 {Once again this important advance holds the balance.}
20. dxe6 fxe6 21. f3 Bb7 $11 {1/2,Kuzmin,A-Vaisser,A/Benasque/1997/}) 11... d6
12. Be2 Bg7 13. Nbd2 Qd7 14. Qb6 $1 {[%mdl 8] A new idea, keeping the queens
on board leads to complicated play and gives White more chances to retain the
initiative.} (14. O-O Qxa7 15. Bxa7 Nd7 $11 (15... O-O 16. Ra1 {-Kuzmin,
A-Vaisser,A})) 14... Qb7 15. Qa5 Nd7 (15... O-O 16. O-O e6 {was more thematic,
but here after} 17. dxe6 fxe6 18. Nd4 $14 {/~~ White's position is more
comfortable.}) 16. Nd4 Ndc5 17. O-O O-O 18. Ra1 Bd7 (18... e6 19. dxe6 (19. Bf3
e5 20. Nb5 Qb8 21. Bxc5 Nxc5 22. Qxb4 f5 $44) 19... fxe6 20. Bf3 $36) 19. N2b3
Ra8 $1 {Black already wisely gives up the idea of advancing his Pe7.} (19... e6
20. Bf3 $14) (19... e5 20. Nb5 $5 Nxb3 (20... Bxb5 21. Qxb5 Qxb5 22. cxb5 $16 {
[%csl Gb5] o^b5}) 21. Qxa6 $36) 20. Nxc5 $5 {[%mdl 64] The only way to fight
for an advantage, which leads to exciting tactical complications. Black's Pb4
becomes dangerous, but to support it he must abandon his K and White's [+]P
also get their chance. (See the position after move 40!)} (20. Qa2 Nc7 21. Qb1
Nxb3 22. Nxb3 Bf5 $11) 20... dxc5 21. Nb3 Bxb2 22. Nxc5 Qc8 $8 23. Rb1 (23. Ra2
Bc3 24. Nxd7 (24. Nxa6 b3 25. Qxc3 bxa2 $17) 24... b3 $1 (24... Qxd7 25. Qb5 $5
$36 {[%csl Gc4,Gd5] [+]P} (25. Qb6 Rb8 $1 26. Qxa6 b3 27. h3 bxa2 28. Qxa2 $44)
) 25. Qxc3 bxa2 26. Nb6 (26. Bh6 f6 27. Qa1 (27. Nxf6+ exf6 28. Qxf6 Qb7 29.
Bd1 Nc5 $19) 27... Nb4 $1 {/\} 28. Nb6 Qf5 $19) 26... Qf5 27. Bd3 Qxd3 28. Qxd3
a1=Q+ 29. Qf1 Qxf1+ 30. Kxf1 $13 {/=/+}) 23... Nxc5 (23... Bf5 $5 24. Rxb2 (24.
Bd3 Nxc5 (24... Bxd3 25. Nxd3 Qxc4 26. Nxb2 Qc2 27. Rc1 Qxb2 28. Qb5 Qf6 29.
Rc6 Qa1+ 30. Rc1 $11) 25. Bxf5 Rxa5 26. Bxc8 Bf6 $15 {[%csl Gb4] o^b4} (26...
Ne4 $5)) 24... Nxc5 25. Qxc5 Ra1+ 26. Bf1 Qxc5 27. Bxc5 Bd3 28. h3 Rxf1+ 29.
Kh2 Bxc4 $11) 24. Qxc5 Bc3 25. Qxe7 Bf5 (25... b3 $143 $6 26. Bc1 $1 $16 {/\}
b2 27. Rxb2 $1 (27. Bxb2 Bxb2 28. Rxb2 Ra1+ 29. Bf1 Rxf1+ 30. Kxf1 Qxc4+ 31.
Re2 Bb5 $11) 27... Bxb2 (27... Ra1 28. Rc2 $18) 28. Bxb2 Qd8 29. Qe5 f6 30.
Qxf6 Qxf6 31. Bxf6 $18 {_|_}) 26. Rc1 b3 27. Rxc3 b2 28. Rb3 Ra1+ 29. Bf1 Bd3
$2 {[%mdl 8192] The complications take their toll and both sides err.} (29...
Rxf1+ 30. Kxf1 Qxc4+ 31. Ke1 Qc1+ 32. Ke2 Qc2+ 33. Ke1 $11 Qxb3 $4 34. Qd8+ Kg7
35. Bd4+ f6 36. Qxf6+ Kh6 37. Qh4#) 30. h3 $1 Rxf1+ (30... b1=Q 31. Rxb1 Rxb1
32. Bh6 $1 Rxf1+ 33. Kh2 $18) 31. Kh2 b1=Q 32. Rxb1 Bxb1 33. d6 $2 (33. Bh6 $1
{[%cal Re7f6] /\Qf6+-} Qb8+ (33... Be4 34. Qf6 Rh1+ 35. Kg3 $1 $18) 34. d6 Rxf2
35. Qe5 f6 36. Qe7 Rxg2+ 37. Kxg2 Qb2+ 38. Kh1 $18) 33... Qf8 $1 {[]} (33...
Bf5 $2 34. Bh6 $18) (33... Rd1 $2 34. Bh6 Qb8 35. c5 $18) 34. Qf6 (34. c5 Rd1
35. Qf6 {-34.Qf6}) 34... Rd1 {Now Van Wely gives it a try, after all he is a R
up.} (34... Qg7 {forces a draw:} 35. Qd8+ (35. Qe7 Qf8 $11) 35... Qf8 36. Qf6
$11) 35. c5 Bf5 36. Bf4 {[%cal Rf4e5] /\Be5+-} Qg7 (36... Re1 $5 37. g4 (37. c6
Re6 38. Qd4 Re4 39. Qd2 Qd8 $15) 37... Bd7 (37... Re6 38. Qh4 Re1 $1 {[]} 39.
gxf5 Qa8 40. Qf6 Qh1+ 41. Kg3 Qg1+ 42. Kf3 Qh1+ $11) 38. Be5 Rxe5 39. Qxe5 Qe8
$15) 37. Qd8+ Qf8 38. Qf6 h5 (38... Re1 {-36...Re1!?}) 39. Be5 Kh7 40. c6 $44 {
=} Rd5 41. f3 Be6 {[%cal Rd5d6] /\Rd6-+} 42. Qe7 {Both sides can't improve
their positions, so Sokolov finally forces a draw.} (42. c7 Rxd6 43. c8=Q Bxc8
44. Bxd6 Qg7 $11) 42... Qh6 (42... Kg8 43. Qf6 $11) (42... Qg8 $2 43. d7 {
[%cal Re5d6,Rd6c7] /\Bc7,Bd6+-}) 43. Qf6 Qf8 44. Qe7 Qh6 45. Qf6 Qf8 46. Qe7
1/2-1/2